| 000 | 00735nam a2200253Ia 4500 | ||
|---|---|---|---|
| 008 | 160319s9999 xx 000 0 und d | ||
| 020 | _a971-685-722-1 | ||
| 050 | _aFIL LB 1576 | ||
| 050 | _b.G66 2010 | ||
| 100 | _aGo, Mildred B. | ||
| 245 | _aLanguage and literature assessment : | ||
| 245 | _ba comprehensive guide / | ||
| 245 | _cMildred B. Go, Ofelia T. Posecion. | ||
| 260 | _aQuezon City : | ||
| 260 | _bLorimar Pub. Inc., | ||
| 260 | _c2010 | ||
| 300 | _a112 pages : | ||
| 300 | _billustrations ; | ||
| 300 | _c26 cm. | ||
| 500 | _aIncludes bibliographical references. | ||
| 650 | _aEnglish language -- Grammar. | ||
| 650 | _aLanguage arts. | ||
| 650 | _xEnglish language -- Examinations, questions, etc. | ||
| 999 |
_c291719 _d291719 |
||